DOS RV V2 : Interaktívny editor EDT
Gespeichert in:
| Format: | Buch |
|---|---|
| Sprache: | Slowakisch |
| Veröffentlicht: |
Bratislava :
Datasystém,
1983
|
| Ausgabe: | 1.vyd. |
| Tags: |
Keine Tags, Fügen Sie das erste Tag hinzu!
|
MARC
| LEADER | 00000nam a22000003a 4500 | ||
|---|---|---|---|
| 001 | stu35637 | ||
| 005 | 20150408180808.9 | ||
| 008 | 920429s1983----cs------------------slo-d | ||
| 040 | |a STU |b slo | ||
| 041 | 0 | |a slo | |
| 044 | |a cs | ||
| 245 | |a DOS RV V2 : |b Interaktívny editor EDT | ||
| 250 | |a 1.vyd. | ||
| 260 | |a Bratislava : |b Datasystém, |c 1983 | ||
| 300 | |a 64 s | ||
| 996 | |b 284M022175 |c M*7452-1 |l MMKN |s A |a 24 |w stu35637_0001 | ||